| 000 | 00823nam a2200277 a 4500 | ||
|---|---|---|---|
| 999 |
_c1717 _d1717 |
||
| 001 | 9359 | ||
| 003 | BD-DhUAP | ||
| 005 | 20210124141820.0 | ||
| 008 | 200212s2005 ii ||||| b||| 001 0 eng d | ||
| 020 | _a8171771742 | ||
| 040 |
_aBD-DhAAL _cBD-DhAAL _bEng _dBD-DhUAP |
||
| 082 |
_223 _a347.052 MIT |
||
| 100 |
_aMitra, B. B. _919349 |
||
| 245 |
_aB. B. Mitra the limitation act 1963 / _bM. R. Mallick and Sukumar Ray. |
||
| 250 | _a21st ed. | ||
| 260 |
_aNew Delhi : _bEastern Law House, _cc2005. |
||
| 300 |
_a1640 pages ; _c24 cm. |
||
| 504 | _aIncludes bibliographical references and index | ||
| 526 | _aSoL | ||
| 650 |
_aLimitations of actions _zIndia _919524 |
||
| 651 |
_aIndia _zlimitation act _919525 |
||
| 700 |
_aMallick, M. R. _919526 |
||
| 700 | _aRay, Sukumar. | ||
| 942 |
_2ddc _cBK |
||